[Event "Cambridge op 2nd"]
[Site "Cambridge"]
[Date "2024.02.19"]
[Round "1"]
[White "Sasikumar, Srivathsan"]
[Black "Cole, James"]
[Result "1/2-1/2"]
[WhiteElo "1719"]
[BlackElo "1940"]
[PlyCount "117"]
[EventDate "2024.02.19"]
[EventType "swiss"]
[EventRounds "9"]
[EventCountry "ENG"]
[SourceTitle "CB09_2024"]
[SourceDate "2024.02.28"]
[SourceVersion "1"]
[SourceVersionDate "2024.02.28"]
[SourceQuality "1"]

1. e4 c5 2. Nf3 Nc6 3. d4 cxd4 4. Nxd4 Nf6 5. Nc3 e5 6. Ndb5 d6 7. Nd5 Nxd5 8. Qxd5 Be6 9. Qd1 a6 10. Nc3 Be7 11. Be3 0-0 12. Be2 Rc8 13. 0-0 Na5 14. Qd2 Qc7 15. Rac1 Nc4 16. Bxc4 Qxc4 17. Rfd1 b5 18. a3 Rb8 19. Nd5 Bxd5 20. Qxd5 Rfc8 21. c3 Qxd5 22. Rxd5 Rc4 23. f3 f6 24. Kf2 Kf7 25. Ke2 Ke6 26. Rcd1 g6 27. g4 f5 28. gxf5+ gxf5 29. exf5+ Kxf5 30. f4 Rb7 31. fxe5 dxe5 32. Rg1 Ke6 33. Rd3 Bf6 34. Rgd1 Be7 35. Bf2 a5 36. Bg3 b4 37. Rd5 Rc5 38. axb4 axb4 39. c4 Rxc4 40. Rxe5+ Kf7 41. Rf1+ Ke8 42. Kd3 Rc6 43. Rd5 Bf6 44. Be5 Be7 45. Bg3 Bf6 46. Be5 Be7 47. Rf2 Rd7 48. Rxd7 Kxd7 49. Bd4 Rh6 50. Be5 Rc6 51. Re2 Bf8 52. Rg2 Rh6 53. Kc4 Rh5 54. Kd5 Be7 55. Rg7 Ke8 56. Rg8+ Kf7 57. Rg7+ Ke8 58. Rg8+ Kf7 59. Rg7+ 1/2-1/2

[Event "BCF-chT 2122 (4NCL)"]
[Site "England"]
[Date "2022.04.30"]
[Round "7.137"]
[White "Cole, James"]
[Black "Kueh, Audrey"]
[Result "1/2-1/2"]
[WhiteElo "1951"]
[BlackElo "2107"]
[PlyCount "79"]
[EventDate "2021.11.27"]
[EventType "team-swiss"]
[EventRounds "11"]
[EventCountry "ENG"]
[SourceTitle "EXT 2023"]
[Source "ChessBase"]
[SourceDate "2022.10.05"]
[SourceVersion "1"]
[SourceVersionDate "2022.10.05"]
[SourceQuality "1"]
[WhiteTeam "Oxford"]
[BlackTeam "The Sharks II"]
[WhiteTeamCountry "ENG"]
[BlackTeamCountry "ENG"]

1. Nf3 Nf6 2. d4 d5 3. e3 Bf5 4. c4 c6 5. Nc3 a6 6. Qb3 Ra7 7. c5 Nbd7 8. Be2 e5 9. 0-0 Be7 10. Na4 Ne4 11. Bd2 Nxd2 12. Nxd2 Bf6 13. dxe5 Bxe5 14. Rac1 Nf6 15. Nf3 Bc7 16. Nd4 Bg6 17. Bd3 Ng4 18. h3 Ne5 19. Be2 Nd7 20. Qd1 0-0 21. Bd3 Bxd3 22. Qxd3 Re8 23. b3 Ne5 24. Qe2 Ng6 25. g3 Qf6 26. Qf3 Qe5 27. Qf5 Qe7 28. Kg2 Raa8 29. Nc3 Qf8 30. Nce2 Re5 31. Qd3 Rae8 32. Nf3 Re4 33. Ned4 Ne5 34. Nxe5 R8xe5 35. Nf3 Rh5 36. a3 Qc8 37. Rh1 Rh6 38. Nd2 Re7 39. Nf3 Re4 40. Nd2 1/2-1/2

[Event "BCF-chT3Sb 1920 (4NCL)"]
[Site "England"]
[Date "2020.02.09"]
[Round "6.71"]
[White "Pleasants, Allan J"]
[Black "Cole, James"]
[Result "0-1"]
[WhiteElo "2046"]
[BlackElo "2042"]
[PlyCount "86"]
[EventDate "2019.11.09"]
[EventType "team-tourn"]
[EventRounds "11"]
[EventCountry "ENG"]
[SourceTitle "EXT 2023"]
[Source "ChessBase"]
[SourceDate "2022.10.05"]
[SourceVersion "1"]
[SourceVersionDate "2022.10.05"]
[SourceQuality "1"]
[WhiteTeam "Wessex II"]
[BlackTeam "Oxford II"]
[WhiteTeamCountry "ENG"]
[BlackTeamCountry "ENG"]

1. Nf3 Nf6 2. g3 g6 3. Bg2 Bg7 4. c4 0-0 5. 0-0 c6 6. Nc3 d5 7. cxd5 cxd5 8. d4 Nc6 9. Ne5 Bf5 10. Bg5 Ne4 11. Nxc6 bxc6 12. Nxe4 dxe4 13. Be3 Qd5 14. b3 Rfd8 15. Rc1 Bxd4 16. Qxd4 Qxd4 17. Bxd4 Rxd4 18. e3 Rd2 19. Rxc6 Rxa2 20. Rc4 Rb8 21. Bxe4 Be6 22. Rc7 Kf8 23. Bc2 Rd8 24. Bb1 Rb2 25. Rc2 Rd2 26. Rxd2 Rxd2 27. Be4 Bxb3 28. Ra1 Rd1+ 29. Rxd1 Bxd1 30. Kf1 a5 31. Ke1 Ba4 32. Kd2 e6 33. f4 Ke7 34. h4 h5 35. Bf3 Kd6 36. g4 hxg4 37. Bxg4 Bc6 38. h5 gxh5 39. Bxh5 f6 40. Kc3 Kc5 41. Bf7 Bd7 42. Bg8 f5 43. Bh7 Bc6 0-1